[Event "Cto de Aragon  Equipos Cat Preferente"]
[Site "Aragon"]
[Date "2010.01.23"]
[Round "1.35"]
[White "Argibay Fontan Santiago"]
[Black "Sebastian Bespin Ruben"]
[Result "0-1"]
[WhiteElo "1849"]
[BlackElo "2106"]

1.e4 e6 2.d4 d5 3.Nc3 Bb4 4.e5 c5 5.a3 Bxc3+ 6.bxc3 Ne7 7.f4 Nbc6 8.Nf3 Bd7 9.
Bd3 Qa5 10.Bd2 c4 11.Be2 f6 12.O-O O-O-O 13.a4 Rdg8 14.Qc1 Nf5 15.Kh1 h6 16.g4
Nfe7 17.Qa3 h5 18.g5 Nf5 19.exf6 gxf6 20.gxf6 Qd8 21.f7 Rf8 22.Ng5 Qf6 23.a5
h4 24.Bg4 h3 25.Bxf5 Qxf5 26.Rae1 Rxf7 27.Nxf7 Qxf7 28.Rg1 Qf5 29.a6 b6 30.Qc1
Be8 31.Rg3 Bh5 32.Ree3 Bg4 33.Qe1 Kd7 34.Rxg4 Qxg4 35.Rg3 Qf5 36.Rg5 Qxc2 37.
f5 Qe4+ 38.Qxe4 dxe4 39.fxe6+ Kxe6 40.d5+ Kd6 41.dxc6 Kxc6 42.Be3 Rd8 43.Kg1
Rd3 44.Rg3 Rxc3 45.Rxh3 Rd3 46.Kf2 c3 47.Ke1 c2 48.Rh6+ Kb5 49.Rh5+ Kxa6 50.
Bd2 e3 51.Bxe3 Rxe3+ 52.Kd2 Rc3 53.Kc1 b5 54.Rh4 Ka5 55.Rg4 b4 56.h4 b3 57.Rg1
Rh3 58.Kb2 Kb5 59.h5 a5 60.h6 a4 61.Rg5+ Kc6 62.h7 Rxh7 0-1

[Event "Cto de Aragon  Equipos Cat Preferente"]
[Site "Aragon"]
[Date "2010.01.23"]
[Round "1.36"]
[White "Ruiperez Gumiel Ramon"]
[Black "Uldemolins Nivela Mateo"]
[Result "1/2-1/2"]
[WhiteElo "1878"]
[BlackElo "1724"]

1.e4 d6 2.Nc3 Nf6 3.Be2 e5 4.d3 Nc6 5.Be3 d5 6.exd5 Nxd5 7.Nxd5 Qxd5 8.Bf3 Qd6
9.Ne2 Be6 10.a3 Bd5 11.Nc3 Bxf3 12.Qxf3 Be7 13.O-O O-O 14.Rad1 Rad8 15.Nb5 Qd7
16.d4 a6 17.Nc3 exd4 18.Ne2 Qd5 19.Qxd5 Rxd5 20.Nxd4 Nxd4 21.Rxd4 Rxd4 22.Bxd4
Rd8 23.Bc3 f6 24.g3 Kf7 25.Kg2 Bd6 26.Re1 Re8 27.Rxe8 Kxe8 28.f4 Kf7 29.Kf3 f5
30.h3 g6 1/2-1/2

[Event "Cto de Aragon  Equipos Cat Preferente"]
[Site "Aragon"]
[Date "2010.01.23"]
[Round "1.37"]
[White "Guzman Moneo Alberto"]
[Black "Burillo Rodriguez Carlos"]
[Result "1-0"]
[WhiteElo "2215"]
[BlackElo "2120"]

1.Nf3 Nf6 2.g3 c5 3.Bg2 Nc6 4.O-O e6 5.d3 d5 6.Nbd2 Be7 7.e4 O-O 8.e5 Nd7 9.
Re1 Qc7 10.Qe2 b6 11.c4 d4 12.h4 Bb7 13.Nf1 Rfe8 14.Bf4 Bf8 15.N1h2 Qd8 16.Ng4
Ne7 17.h5 Nf5 18.h6 gxh6 19.Nd2 Bxg2 20.Kxg2 Bg7 21.Rh1 f6 22.exf6 e5 23.f7+
Kxf7 24.Bxh6 Re6 25.Qf3 Kg6 26.Bxg7 e4 27.dxe4 1-0

[Event "Cto de Aragon  Equipos Cat Preferente"]
[Site "Aragon"]
[Date "2010.01.23"]
[Round "1.38"]
[White "Hernandez Delgado Gabriel"]
[Black "Navarro Alonso Jorge Luis"]
[Result "1/2-1/2"]
[WhiteElo "2004"]
[BlackElo "2204"]

1.Nf3 d5 2.g3 Nf6 3.Bg2 Bf5 4.O-O e6 5.d3 h6 6.Nbd2 Bc5 7.c4 Bb6 8.b4 c6 9.Bb2
O-O 10.Qc2 a5 11.a3 Na6 12.Qb3 axb4 13.axb4 Qe7 14.Bc3 dxc4 15.Nxc4 Bc7 16.Qb2
Bh7 17.b5 cxb5 18.Qxb5 Nd5 19.Bd2 Rab8 20.Rfb1 f5 21.Nd4 Kh8 22.Nxe6 Qxe6 23.
Qxd5 Qxe2 24.Bf3 Qe7 25.Rxb7 Rxb7 26.Qxb7 Nc5 27.Qd5 Bg8 28.Qc6 Nxd3 29.Ra7
1/2-1/2

[Event "Cto de Aragon  Equipos Cat Preferente"]
[Site "Aragon"]
[Date "2010.01.23"]
[Round "1.39"]
[White "Cerrajeria Ruiz Jesus Maria"]
[Black "De la Riva Fernandez Eduardo"]
[Result "1-0"]
[WhiteElo "2100"]
[BlackElo "1997"]

1.e4 e6 2.d3 d5 3.Nd2 c5 4.g3 Nc6 5.Bg2 Nf6 6.f4 Be7 7.e5 Nd7 8.c3 O-O 9.Ne2
f6 10.exf6 Bxf6 11.O-O Nb6 12.Nb3 c4 13.dxc4 dxc4 14.Nd2 Qe7 15.Ne4 e5 16.f5
Rd8 17.Qe1 Nd5 18.Qf2 b6 19.Nxf6+ Qxf6 20.h4 Qd6 21.Rd1 Nce7 22.g4 Bb7 23.Ng3
Qc7 24.Nh5 Nf6 25.Nxf6+ gxf6 26.Bh6 Bxg2 27.Qxg2 Qc6 28.Be3 Qxg2+ 29.Kxg2 Nc6
30.Kf3 Ne7 31.Ke4 Kf7 32.g5 Ng8 33.Rg1 Rd3 34.a4 Rad8 35.a5 b5 36.a6 Ne7 37.
Bxa7 Rh3 38.Rh1 Rg3 39.Rag1 Rxg1 40.Bxg1 1-0

[Event "Cto de Aragon  Equipos Cat Preferente"]
[Site "Aragon"]
[Date "2010.01.23"]
[Round "1.40"]
[White "Correas Marcen Jose Maria"]
[Black "Montes Santos Lorenzo"]
[Result "0-1"]
[WhiteElo "1989"]
[BlackElo "2069"]

1.Nf3 Nf6 2.g3 c5 3.Bg2 g6 4.O-O Bg7 5.d4 cxd4 6.Nxd4 Nc6 7.Nb3 O-O 8.Nc3 d6
9.h3 Bf5 10.e4 Be6 11.Nd5 Rc8 12.Bg5 Bxd5 13.exd5 Ne5 14.c3 Qc7 15.Re1 Rfe8
16.Re2 h6 17.Be3 Nc4 18.Bd4 a5 19.Nc1 b5 20.a4 bxa4 21.Rxa4 Nd7 22.Bxg7 Kxg7
23.Qd4+ Kh7 24.Nd3 Nce5 25.Nxe5 Nxe5 26.h4 h5 27.Qf4 Kg7 28.Bh3 Rb8 29.Qd4 Kh7
30.Kg2 f5 31.f4 Nd7 32.Rc4 Qb7 33.b4 e5 34.fxe5 Nxe5 35.Rf2 Nxc4 36.Qxc4 axb4
37.cxb4 Re4 38.Qd3 Re5 39.Ra2 Rxd5 40.Qf3 Rb5 0-1

[Event "Cto de Aragon  Equipos Cat Preferente"]
[Site "Aragon"]
[Date "2010.01.23"]
[Round "1.41"]
[White "Ansola Marquinez Alberto"]
[Black "Martinez Catalin Francisco Javier"]
[Result "1/2-1/2"]
[WhiteElo "2147"]
[BlackElo "2272"]

1.f4 g6 2.Nf3 Bg7 3.g3 d6 4.Bg2 e5 5.fxe5 dxe5 6.Nc3 Ne7 7.O-O O-O 8.e4 c5 9.
d3 Nbc6 10.Be3 Nd4 11.Qd2 f6 12.Nd5 Nxd5 13.exd5 b6 14.Nh4 Bb7 15.c3 Nb5 16.a4
Nd6 17.a5 Qc7 18.a6 Bc8 19.c4 f5 20.Bh6 Bxh6 21.Qxh6 Qg7 22.Qg5 Bd7 23.Rae1
Rae8 24.b4 cxb4 25.Qd2 Bc8 26.Qxb4 Qc7 27.Qc3 Bxa6 28.Qa1 Bc8 29.Rxe5 Rxe5 30.
Qxe5 Re8 31.Qf6 b5 32.Nxg6 hxg6 33.Qxg6+ Kf8 34.Qh6+ Kg8 35.Qg6+ Kf8 36.Qh6+
Kg8 37.Qg6+ 1/2-1/2

[Event "Cto de Aragon  Equipos Cat Preferente"]
[Site "Aragon"]
[Date "2010.01.23"]
[Round "1.42"]
[White "Valles Mata David"]
[Black "Garcia Asenjo Antonio"]
[Result "1-0"]
[WhiteElo "2150"]
[BlackElo "2023"]

1.d4 f5 2.h3 d5 3.g4 e6 4.Nf3 Be7 5.gxf5 exf5 6.Rg1 Bf6 7.Nc3 Be6 8.Ng5 Qe7 9.
Rg3 Bxg5 10.Bxg5 Nf6 11.Qd3 Na6 12.Bxf6 gxf6 13.O-O-O O-O-O 14.Qf3 c6 15.e3
Nc7 16.Bd3 Rhg8 17.Bxf5 Rxg3 18.fxg3 Rg8 19.g4 Kd8 20.e4 Bxf5 21.Qxf5 Rg5 22.
Qf3 dxe4 23.Qxe4 Nd5 24.Re1 Qxe4 25.Nxe4 Rg6 26.Rf1 Ke7 27.Kd2 b6 28.c4 Nc7
29.Ng3 Ne6 30.Nf5+ Kd7 31.Re1 h5 32.Re4 hxg4 33.hxg4 a6 34.Ke3 Rg5 35.b4 b5
36.d5 cxd5 37.cxd5 Nc7 38.Kd4 Ne8 39.Kc5 Nc7 40.Re7+ Kd8 41.Kc6 Rxf5 42.Rd7+
Ke8 43.gxf5 Nxd5 44.Rxd5 1-0

[Event "Cto de Aragon  Equipos Cat Preferente"]
[Site "Aragon"]
[Date "2010.01.23"]
[Round "1.43"]
[White "Ruiz Gutierrez Jose Manuel"]
[Black "Solano Lasierra Javier"]
[Result "0-1"]
[WhiteElo "1899"]
[BlackElo "2142"]

1.Nf3 d5 2.c4 e6 3.g3 Nf6 4.Bg2 Be7 5.O-O O-O 6.b3 c5 7.Bb2 Nc6 8.Re1 d4 9.e3
e5 10.exd4 exd4 11.d3 Bf5 12.a3 h6 13.Qc2 Qc7 14.Nbd2 Rae8 15.Re2 Qd7 16.Rae1
Bd8 17.Ne5 Nxe5 18.Rxe5 Bc7 19.Rxe8 Rxe8 20.Rxe8+ Nxe8 21.Ne4 b6 22.Qe2 Qe6
23.Bc1 Bg4 24.f3 Bh5 25.Kf2 f5 26.Nc3 Qxe2+ 27.Nxe2 Nf6 28.Bh3 Bg6 29.Nf4 Kf7
30.Bg2 Bh7 31.h3 g5 32.Ne2 Nd7 33.f4 Kf6 34.Bd5 Bg6 35.Kf3 Nf8 36.Bg8 Bh5+ 37.
g4 Bg6 38.fxg5+ hxg5 39.b4 f4 40.h4 Nd7 41.hxg5+ Kxg5 42.Bxf4+ Bxf4 43.Nxf4
Ne5+ 44.Kg3 Nxd3 45.Nxg6 Kxg6 46.bxc5 bxc5 47.Bd5 Kg5 48.Be6 Ne5 49.Kf2 Nxg4+
50.Kf3 Nf6 51.a4 a5 52.Ke2 Kf4 53.Kd3 Ng4 54.Bg8 Nf6 55.Bf7 Nd7 56.Bd5 Nb6 57.
Bc6 Kg3 58.Bb5 Kf2 59.Kd2 Nc8 60.Kd3 Ke1 61.Ba6 Nb6 62.Bb5 Kd1 63.Bc6 Kc1 64.
Bb5 Kb2 0-1

[Event "Cto de Aragon  Equipos Cat Preferente"]
[Site "Aragon"]
[Date "2010.01.23"]
[Round "1.44"]
[White "Felez Casedas Carlos"]
[Black "Argueso Palomino Manuel"]
[Result "1-0"]
[WhiteElo "1997"]
[BlackElo "1824"]

1.Nf3 d5 2.b3 c5 3.Bb2 Nc6 4.e3 Nf6 5.Bb5 a6 6.Bxc6+ bxc6 7.Ne5 Qc7 8.O-O g6
9.d3 Bg7 10.Nf3 O-O 11.Nbd2 Re8 12.Be5 Qb6 13.Qc1 Nd7 14.Bxg7 Kxg7 15.Qb2+ f6
16.e4 e5 17.Nh4 Qc7 18.g3 Nf8 19.Rae1 Bh3 20.Ng2 Ne6 21.exd5 cxd5 22.c4 Qc6
23.f3 Rad8 24.Rf2 dxc4 25.dxc4 Bxg2 26.Kxg2 Rd3 27.Ne4 Red8 28.Nc3 Ng5 29.Nd5
Rd4 30.Qe2 Nf7 31.h4 Qd6 32.Rh1 Qd7 33.Rd1 Re8 34.Qe1 e4 35.f4 Nh6 36.Rfd2
Rxd2+ 37.Rxd2 Qg4 38.Qe2 Qc8 39.Ne3 Qc6 40.Qd1 Nf7 41.Rd7 Qe6 42.Qd5 f5 43.
Qxe6 Rxe6 44.Rd5 Rc6 45.g4 Kf6 46.gxf5 gxf5 47.Rxf5+ Kg6 48.h5+ Kg7 49.Rd5 a5
50.Kf2 Kf6 51.Ng4+ Ke6 52.Ke3 a4 53.Ne5 Ra6 54.Nxf7 Kxf7 55.Rxc5 axb3 56.axb3
Ra1 57.Kxe4 Re1+ 58.Kf5 Rh1 59.Rc7+ 1-0

[Event "Cto de Aragon  Equipos Cat Preferente"]
[Site "Aragon"]
[Date "2010.01.23"]
[Round "1.45"]
[White "Llanes Luno Ricardo"]
[Black "Neila Castillo Miguel Angel"]
[Result "1-0"]
[WhiteElo "2224"]
[BlackElo "2079"]

1.e4 Nf6 2.e5 Nd5 3.Nf3 Nb6 4.d4 d6 5.Bd3 g6 6.O-O Bg7 7.h3 O-O 8.Bf4 Nc6 9.c3
Be6 10.Qe2 Nd7 11.Rd1 Bd5 12.Nbd2 dxe5 13.dxe5 f6 14.exf6 exf6 15.Bc4 Nb6 16.
Bxd5+ Nxd5 17.Ne4 Re8 18.Qc4 Na5 19.Qxd5+ Qxd5 20.Rxd5 Rxe4 21.Bxc7 Nc6 22.Re1
Rxe1+ 23.Nxe1 Re8 24.Kf1 Re7 25.Bf4 Kf7 26.Nf3 g5 27.Be3 Ke6 28.Rd1 b6 29.Nd4+
Nxd4 30.Bxd4 Kf7 31.Re1 Rd7 32.g4 Bf8 33.Re4 Rd6 34.Ke2 Rc6 35.f4 gxf4 36.Rxf4
Re6+ 37.Kd3 Bh6 38.Rf5 Bg5 39.h4 Bh6 40.g5 Bg7 41.gxf6 Bf8 42.h5 Re1 43.a4 Rh1
44.a5 Rh3+ 45.Kc4 Rh4 46.axb6 axb6 47.b4 Bd6 48.Kd5 1-0

[Event "Cto de Aragon  Equipos Cat Preferente"]
[Site "Aragon"]
[Date "2010.01.23"]
[Round "1.46"]
[White "Azaiez F"]
[Black "Naya Sancho Jose Ignacio"]
[Result "0-1"]
[WhiteElo "2014"]
[BlackElo "2069"]

1.e4 e6 2.d4 d5 3.Nd2 Be7 4.Ngf3 Nf6 5.e5 Nfd7 6.Bd3 c5 7.c3 Nc6 8.O-O Qb6 9.
Qe2 g5 10.dxc5 Qc7 11.Nb3 Ncxe5 12.Bb5 Nxf3+ 13.Qxf3 a6 14.Ba4 O-O 15.Qg4 f5
16.Qh5 b5 17.cxb6 Nxb6 18.Be8 Bb7 19.Bg6 Bf6 20.Be3 Nc4 21.Nd4 hxg6 22.Qxg6+
Qg7 23.Qxg7+ Bxg7 24.Bxg5 Rae8 25.b3 Nd6 26.f3 Nb5 27.Nxb5 axb5 28.Bd2 b4 0-1

[Event "Cto de Aragon  Equipos Cat Preferente"]
[Site "Aragon"]
[Date "2010.01.23"]
[Round "1.47"]
[White "Roche Simon Miguel Angel"]
[Black "Garcia Bueno Juan Pablo"]
[Result "1-0"]
[WhiteElo "2052"]
[BlackElo "1855"]

1.e4 d6 2.d4 Nf6 3.Nc3 g6 4.Be3 Bg7 5.Qd2 O-O 6.f3 c6 7.h4 Nh5 8.Nge2 f5 9.
exf5 gxf5 10.Bh6 e5 11.O-O-O exd4 12.Bxg7 dxc3 13.Bxc3 d5 14.Qh6 Qe8 15.Nf4
Qe3+ 16.Bd2 Rf6 17.Qxh5 1-0

[Event "Cto de Aragon  Equipos Cat Preferente"]
[Site "Aragon"]
[Date "2010.01.23"]
[Round "1.48"]
[White "Santos Morales Marco Antonio"]
[Black "Naya Sancho Juan Manuel"]
[Result "0-1"]
[WhiteElo "1777"]
[BlackElo "1863"]

1.d4 c6 2.c4 d6 3.Nc3 Nd7 4.e4 e5 5.Nge2 Be7 6.g3 Ngf6 7.Bg2 O-O 8.O-O Qc7 9.
b3 a5 10.Ba3 exd4 11.Qxd4 Nc5 12.Rad1 Rd8 13.h3 Ne6 14.Qe3 Nd7 15.Nf4 Nxf4 16.
gxf4 Nf6 17.e5 dxe5 18.Rxd8+ Qxd8 19.Rd1 Qc7 20.Qxe5 Qxe5 21.fxe5 Bxa3 22.exf6
Bf5 23.fxg7 Re8 24.Kf1 Bb4 25.Nb1 Bc2 26.Rc1 Bd3+ 27.Kg1 Re1+ 28.Rxe1 Bxe1 0-1

[Event "Cto de Aragon  Equipos Cat Preferente"]
[Site "Aragon"]
[Date "2010.01.23"]
[Round "1.49"]
[White "Sierra Aguerri Joaquin"]
[Black "Gomez Anadon Daniel"]
[Result "0-1"]
[WhiteElo "2014"]
[BlackElo "2256"]

1.e4 c5 2.Nf3 d6 3.d4 Nf6 4.Nc3 cxd4 5.Nxd4 a6 6.Bg5 e6 7.Qd2 Nbd7 8.Be2 b5 9.
f4 h6 10.Bxf6 Nxf6 11.e5 dxe5 12.fxe5 Nd5 13.Nxd5 exd5 14.e6 Bxe6 15.Nxe6 fxe6
16.Bh5+ Kd7 17.O-O Bc5+ 18.Kh1 Rf8 19.Qc3 Qe7 20.a4 Rxf1+ 21.Rxf1 Rf8 22.Rd1
b4 23.Qd3 Qh4 24.Qg6 Bd6 25.g3 Qh3 26.Kg1 Bc5+ 0-1

[Event "Cto de Aragon  Equipos Cat Preferente"]
[Site "Aragon"]
[Date "2010.01.23"]
[Round "1.50"]
[White "Gimenez Martinez Alberto"]
[Black "Vera Jimenez Andres"]
[Result "1-0"]
[WhiteElo "2088"]
[BlackElo "2005"]

1.e4 d6 2.d4 Nf6 3.Nc3 e5 4.Nf3 Nbd7 5.g4 Nxg4 6.Rg1 Ngf6 7.Bc4 h6 8.Be3 c6 9.
a4 d5 10.exd5 cxd5 11.Bxd5 Nxd5 12.Nxd5 Qa5+ 13.Nc3 e4 14.Nd2 Nf6 15.Nb3 Qc7
16.Qd2 Bd7 17.Bf4 Qc4 18.Qe2 Qxe2+ 19.Kxe2 g5 20.Be5 Ke7 21.Nc5 Bf5 22.Ke3
Ng4+ 23.Rxg4 Bxg4 24.Bxh8 f6 25.N5xe4 Kf7 26.Bxf6 1-0

[Event "Cto de Aragon  Equipos Cat Preferente"]
[Site "Aragon"]
[Date "2010.01.23"]
[Round "1.51"]
[White "Fernandez Rubio Rafael"]
[Black "Jaques Burguete Raul"]
[Result "1-0"]
[WhiteElo "1958"]
[BlackElo "2067"]

1.e4 Nc6 2.Nf3 d5 3.exd5 Qxd5 4.Nc3 Qa5 5.Bc4 Bg4 6.h3 Bh5 7.g4 Bg6 8.d3 e5 9.
Bd2 Bb4 10.a3 Bxc3 11.Bxc3 Qc5 12.b4 Qd6 13.b5 Nd4 14.Bb4 c5 15.Bd2 O-O-O 16.
O-O f5 17.Nxd4 exd4 18.Qf3 Ne7 19.Bf4 Qd7 20.Rfe1 fxg4 21.hxg4 Nd5 22.Re5 Bf7
23.Bg5 Rde8 24.Rae1 Nf6 25.Rxc5+ Kb8 26.Bf4+ Ka8 27.Rxe8+ Rxe8 28.Rc7 Bd5 29.
Rxd7 Bxf3 30.Rxg7 Nxg4 31.Rg8 Rxg8 32.Bxg8 h5 33.Bg3 a5 34.Bf7 h4 35.Bxh4 a4
36.b6 Ne5 37.Be8 Bd1 38.Bg3 Nc6 39.f4 Bxc2 40.Bg6 Ne7 41.Be4 Nc8 42.f5 Nxb6
43.f6 Nd7 44.f7 Bb3 45.Bf5 Bxf7 46.Bxd7 Bb3 47.Be5 Ka7 48.Bxd4+ Ka6 49.Kf2 Ka5
50.Ke3 Bd5 51.Bc5 b5 52.Kd4 Bb7 53.Ke5 Ba6 54.Bf5 1-0

[Event "Cto de Aragon  Equipos Cat Preferente"]
[Site "Aragon"]
[Date "2010.01.23"]
[Round "1.52"]
[White "Arregui Untoria Carlos"]
[Black "Sancho Casale Jesus"]
[Result "1-0"]
[WhiteElo "2039"]
[BlackElo "1950"]

1.d4 Nf6 2.c4 g6 3.f3 c5 4.d5 d6 5.e4 Bg7 6.Nc3 O-O 7.Be3 a6 8.Qd2 Nbd7 9.Nh3
Ne5 10.Nf2 e6 11.a4 exd5 12.cxd5 Re8 13.Be2 Rb8 14.O-O Kh8 15.h3 Ng8 16.f4 Nd7
17.f5 Ne5 18.Ng4 Nxg4 19.hxg4 Be5 20.Rf3 gxf5 21.exf5 Qf6 22.g5 Bxc3 23.bxc3
Qe5 24.g4 f6 25.g6 hxg6 26.Rh3+ Kg7 27.Bh6+ Kf7 28.Bf4 Qe4 29.Rh7+ Kf8 30.Bh6+
1-0

[Event "Cto de Aragon  Equipos Cat Preferente"]
[Site "Aragon"]
[Date "2010.01.23"]
[Round "1.53"]
[White "Carruez Berges Santiago"]
[Black "Lahoz Gimeno Mauel"]
[Result "1-0"]
[WhiteElo "2120"]
[BlackElo "2002"]

1.e4 e6 2.d3 d5 3.Nd2 c5 4.Ngf3 Nc6 5.g3 Nf6 6.Bg2 Be7 7.O-O O-O 8.Re1 b6 9.e5
Nd7 10.Nf1 Bb7 11.h4 Rc8 12.N1h2 d4 13.Bf4 Nb4 14.Ng5 Bxg2 15.Kxg2 Nd5 16.Qh5
Nxf4+ 17.gxf4 h6 18.Ng4 hxg5 19.hxg5 Nxe5 20.Rxe5 Bd6 21.Rh1 f5 22.g6 1-0

[Event "Cto de Aragon  Equipos Cat Preferente"]
[Site "Aragon"]
[Date "2010.01.23"]
[Round "1.54"]
[White "Cebollada Pacheco Jesus Raul"]
[Black "Temprano L"]
[Result "1/2-1/2"]
[WhiteElo "1989"]
[BlackElo "2087"]

1.e4 e5 2.Nf3 Nf6 3.Nc3 Nc6 4.Bb5 d6 5.d4 exd4 6.Nxd4 Bd7 7.O-O Be7 8.Re1 O-O
9.Bxc6 bxc6 10.b3 c5 11.Nde2 Re8 12.Bb2 Bf8 13.Ng3 Ng4 14.h3 Ne5 15.Nd5 a5 16.
f4 Ng6 17.Nh5 a4 18.Ndf6+ Kh8 19.Nxe8 Bxe8 20.f5 Qg5 21.Qg4 Qxg4 22.hxg4 Ne5
23.g5 Rb8 24.Rab1 axb3 25.axb3 Bc6 26.Bxe5 dxe5 27.f6 g6 28.Ng3 h6 29.Kf2 hxg5
30.Rh1+ Kg8 31.Kf3 Bd7 32.Rh2 Rb6 33.Rbh1 Rxf6+ 34.Ke3 Bg7 35.Rd1 Rd6 36.Ra1
f6 37.Ra8+ Kf7 38.Ne2 f5 39.Kf2 g4 40.Ke1 Bc6 41.Ra7 Rd7 42.Nc3 g3 43.Rh3 f4
44.Ra6 Rd6 45.Ra7 Rd7 46.Ra6 Rd6 1/2-1/2

[Event "Cto de Aragon  Equipos Cat Preferente"]
[Site "Aragon"]
[Date "2010.01.23"]
[Round "1.55"]
[White "Fernandez Urrutia Gallo Carlos"]
[Black "Garcia Andres Daniel"]
[Result "0-1"]
[WhiteElo "1989"]
[BlackElo "1980"]

1.d4 c5 2.d5 e5 3.e4 d6 4.Nf3 Nf6 5.Nbd2 g6 6.Bd3 Bg7 7.O-O O-O 8.Re1 a6 9.a4
b6 10.Nc4 Bb7 11.Bd2 Qc7 12.a5 b5 13.Nb6 Ra7 14.c4 b4 15.Nh4 Nbd7 16.Nxd7 Qxd7
17.h3 Qe7 18.Qc1 Nh5 19.g3 Bc8 20.Kg2 Nf4+ 21.gxf4 Qxh4 22.f5 h6 23.Re3 Kh7
24.Rg3 Rg8 25.fxg6+ fxg6 26.Kh2 Rf8 27.Qe1 Raf7 28.Be3 Bxh3 0-1

[Event "Cto de Aragon  Equipos Cat Preferente"]
[Site "Aragon"]
[Date "2010.01.23"]
[Round "1.56"]
[White "Campo Berdala Carlos"]
[Black "Martin Perez Fernando"]
[Result "0-1"]
[WhiteElo "1650"]
[BlackElo "1839"]

1.c4 Nf6 2.g3 g6 3.Bg2 Bg7 4.Nc3 O-O 5.d3 d6 6.e4 e5 7.Nge2 c6 8.O-O Nh5 9.h3
f5 10.f4 exf4 11.Bxf4 Nxf4 12.Rxf4 Be6 13.Kh2 g5 14.Rf1 f4 15.gxf4 gxf4 16.Qe1
Kh8 17.Ng1 Nd7 18.Nf3 Ne5 19.Rd1 Nxf3+ 20.Rxf3 Qg5 21.Qf2 Qh6 22.Rf1 Bg4 23.
Kh1 Bxf3 24.Qxf3 Bxc3 25.bxc3 Qh4 26.Qf2 Qg3 27.Qd4+ Qg7 28.Rf3 Qxd4 29.cxd4
Rf7 30.Kg1 Rg8 31.Kf1 Rfg7 32.Rf2 Rg3 33.Bf3 Rxh3 34.Ke2 Rg1 35.Kd2 Ra1 36.Kc3
Rg1 37.Kd2 Ra1 38.Kc3 Rg3 39.Kb2 Rgg1 40.e5 dxe5 41.dxe5 Raf1 42.Rxf1 Rxf1 43.
Bg4 f3 44.Kc3 f2 45.d4 Re1 46.Bh3 Kg7 47.Bg2 h5 0-1

[Event "Cto de Aragon  Equipos Cat Preferente"]
[Site "Aragon"]
[Date "2010.01.23"]
[Round "1.57"]
[White "Donoso Sanchez Alejandro"]
[Black "Aparicio Navarro Pedro Jose"]
[Result "0-1"]
[WhiteElo "2111"]
[BlackElo "2203"]

1.e4 c5 2.Nc3 Nc6 3.g3 g6 4.Bg2 Bg7 5.d3 d6 6.f4 e5 7.Nh3 Nf6 8.O-O Bg4 9.Qe1
Qd7 10.fxe5 dxe5 11.Bg5 Nh5 12.Nf2 Be6 13.Nd5 O-O 14.Be3 b6 15.c4 f5 16.exf5
gxf5 17.Nd1 Rae8 18.Qd2 Nd4 19.N1c3 Kh8 20.Kh1 Nf6 21.Rae1 Ng4 22.Bg5 h6 23.
Bh4 e4 24.dxe4 Ne5 25.b3 fxe4 26.Bxe4 Nef3 27.Qc1 Nxe1 28.Rxe1 Nf3 29.Rd1 Bxd5
30.Rxd5 Qh3 0-1

[Event "Cto de Aragon  Equipos Cat Preferente"]
[Site "Aragon"]
[Date "2010.01.23"]
[Round "1.58"]
[White "Munoz Munoz Juan Carlos"]
[Black "Sanmiguel Mateo Luis"]
[Result "0-1"]
[WhiteElo "2129"]
[BlackElo "1968"]

1.d4 d5 2.Nf3 Nf6 3.c4 dxc4 4.a4 e6 5.Bg5 c5 6.Nc3 Qa5 7.Bxf6 gxf6 8.e3 Bg7 9.
Bxc4 O-O 10.O-O Rd8 11.Qe2 cxd4 12.Nxd4 Nc6 13.Nb3 Qg5 14.Rfd1 f5 15.Rxd8+
Qxd8 16.Rd1 Qe7 17.Nb5 Ne5 18.Nd6 Nxc4 19.Qxc4 Qd7 20.Nc5 Qc6 21.Nb5 b6 22.
Rd8+ Bf8 23.Nc7 Bb7 24.f3 Rxd8 25.Qh4 Rd1+ 26.Kf2 Qxc5 27.Qg5+ Bg7 28.Ne8 Rd2+
29.Kg3 f4+ 30.Qxf4 Be5 31.Nf6+ Kh8 0-1

[Event "Cto de Aragon  Equipos Cat Preferente"]
[Site "Aragon"]
[Date "2010.01.23"]
[Round "1.59"]
[White "Muniz Vicente Juan Luis"]
[Black "Gracia Martinez Juan Pablo"]
[Result "1-0"]
[WhiteElo "1862"]
[BlackElo "1850"]

1.c4 e5 2.Nc3 Nf6 3.g3 c6 4.d4 e4 5.Bg2 d5 6.Bf4 Bb4 7.Qb3 Qe7 8.c5 Ba5 9.Bd6
Qd8 10.f3 b6 11.O-O-O Be6 12.Qc2 Na6 13.a3 b5 14.b4 Bxb4 15.axb4 Nxb4 16.Qb2
Qa5 17.Kd2 exf3 18.exf3 Bf5 19.Ra1 Nd3 20.Qb1 Qd8 21.Bh3 Bg6 22.Bf1 b4 23.Bxd3
bxc3+ 24.Kxc3 Qd7 25.Ne2 Kd8 26.Nf4 Re8 27.Nxg6 fxg6 28.Re1 Rxe1 29.Qxe1 a5
30.Ra4 Ra7 31.Kc2 Ne8 32.Bf4 Nc7 33.Rxa5 Rb7 34.Bxc7+ Rxc7 35.Ra8+ Rc8 36.Qa5+
Ke8 37.Rxc8+ Qxc8 38.Qa7 Kf8 39.g4 Qe6 40.Qb8+ Ke7 41.Qc7+ Kf6 42.Kd2 Qe8 43.
f4 Qe7 44.Qxc6+ Kf7 45.Qxd5+ Kf8 46.Bc4 Qf6 47.Qd6+ Ke8 48.Bb5+ Kf7 49.Qd7+
Qe7 50.Qxe7+ Kxe7 1-0

[Event "Cto de Aragon  Equipos Cat Preferente"]
[Site "Aragon"]
[Date "2010.01.23"]
[Round "1.60"]
[White "Martinez Crespo Juan"]
[Black "Juni Pardos Marcos"]
[Result "0-1"]
[WhiteElo "1841"]
[BlackElo "1820"]

1.e4 d5 2.exd5 Qxd5 3.Nc3 Qa5 4.b4 Qxb4 5.Rb1 Qd6 6.d4 c6 7.Nf3 Nf6 8.Bd3 Nbd7
9.O-O Nb6 10.Bg5 Bg4 11.Bxf6 Qxf6 12.Ne4 Qf4 13.Re1 e6 14.Ned2 Bxf3 15.Nxf3
Be7 16.c4 Qc7 17.a4 a5 18.Qc2 h6 19.Ne5 O-O 20.Ng4 Rad8 21.Qd2 Bb4 22.Rxb4
axb4 23.Nxh6+ Kh8 24.Qe3 g6 25.Qh3 Kg7 26.Ng4 Rh8 27.Qf3 f5 28.Rxe6 Rde8 29.
Rxg6+ Kxg6 30.Qxf5+ Kg7 31.Qg6+ Kf8 32.Qf6+ Qf7 33.Qxh8+ Ke7 34.Qe5+ Kd8 35.
Qb8+ Nc8 36.Ne5 Qg7 37.Bf5 Qc7 38.Nf7+ Qxf7 39.Qxc8+ Ke7 40.Qxb7+ Kf6 41.Qxf7+
Kxf7 42.Kf1 b3 43.h4 Kf6 44.g4 b2 45.Kg2 Rb8 46.Bb1 Rb4 47.g5+ Kg7 48.d5 cxd5
49.cxd5 Rxa4 50.h5 Rg4+ 51.Kf3 Rxg5 52.Ke4 Rxh5 53.d6 Kf6 54.f4 Rh1 55.d7 Ke7
56.Ba2 b1=Q+ 57.Bxb1 Rxb1 0-1

[Event "Cto de Aragon  Equipos Cat Preferente"]
[Site "Aragon"]
[Date "2010.01.23"]
[Round "1.61"]
[White "Gavin Roche Enrique"]
[Black "Lucea Valero Alejandro"]
[Result "1-0"]
[WhiteElo "2261"]
[BlackElo "1982"]

1.d4 d5 2.c4 c6 3.Nc3 Nf6 4.Nf3 dxc4 5.a4 c5 6.e4 cxd4 7.Qxd4 Qxd4 8.Nxd4 e5
9.Ndb5 Na6 10.Bxc4 Bb4 11.Ke2 O-O 12.Be3 Bd7 13.Nd5 Nxd5 14.Bxd5 Nc5 15.Rhc1
Bxb5+ 16.axb5 Ne6 17.Rc4 Bd6 18.Bxb7 Rab8 19.Rxa7 Nd4+ 20.Bxd4 exd4 21.Kd3 f5
22.Bd5+ Kh8 23.Rc6 fxe4+ 24.Bxe4 Be5 25.b6 Rfc8 26.Re6 Bf6 27.b7 Rd8 28.Ra8
Kg8 29.Rd6 1-0

[Event "Cto de Aragon  Equipos Cat Preferente"]
[Site "Aragon"]
[Date "2010.01.23"]
[Round "1.62"]
[White "Garcia Lopez Alberto Jose"]
[Black "Lopez Guaita Fernando"]
[Result "0-1"]
[WhiteElo "1971"]
[BlackElo "2026"]

1.Nf3 Nf6 2.g3 g6 3.Bg2 Bg7 4.O-O O-O 5.d3 c5 6.e4 d6 7.c3 Nc6 8.h3 Qc7 9.Ne1
e5 10.f4 Nh5 11.g4 Nxf4 12.Bxf4 exf4 13.Rxf4 b5 14.Na3 Be5 15.Rf1 Rb8 16.Nf3
Bg7 17.d4 b4 18.Nc2 bxc3 19.bxc3 Ba6 20.Re1 Rb2 21.Bf1 Bxf1 22.Rxf1 Qa5 23.Qd3
Qa4 24.Rf2 cxd4 25.Ncxd4 Rxf2 26.Kxf2 Rb8 27.Nxc6 Rb2+ 28.Ke3 Qxc6 29.Nd4 Qc5
30.Kf3 Rh2 31.Kg3 Qe5+ 32.Kh4 Bf6+ 33.g5 Qf4# 0-1

[Event "Cto de Aragon  Equipos Cat Preferente"]
[Site "Aragon"]
[Date "2010.01.23"]
[Round "1.63"]
[White "Ferrer Echavarri Francisco Javier"]
[Black "Minguez Guinda Andres"]
[Result "1/2-1/2"]
[WhiteElo "1972"]
[BlackElo "1896"]

1.d4 d5 2.c4 e6 3.Nc3 Nf6 4.Bg5 Be7 5.e3 Nbd7 6.Nf3 c6 7.cxd5 exd5 8.Bd3 O-O
9.Qc2 Re8 10.O-O Nf8 11.Rab1 Bd6 12.Bxf6 gxf6 13.Nh4 f5 14.Nxf5 Bxf5 15.Bxf5
Qh4 16.g3 Qh5 17.Kg2 Ne6 18.h3 Kh8 19.Rbe1 Re7 20.Bg4 Qh6 21.f4 Rae8 22.Bxe6
Rxe6 23.Qd3 Qg7 24.Rf3 Rg6 25.Kf2 Qh6 26.Rh1 Rge6 27.Qf5 Qg7 28.Re1 Bc7 29.g4
Bd8 1/2-1/2

[Event "Cto de Aragon  Equipos Cat Preferente"]
[Site "Aragon"]
[Date "2010.01.23"]
[Round "1.64"]
[White "Buil Montanes Carlos"]
[Black "Velamazan Gomez Angel"]
[Result "1/2-1/2"]
[WhiteElo "1895"]
[BlackElo "1955"]

1.Nf3 Nf6 2.d4 d6 3.c4 g6 4.Nc3 Bg7 5.e4 O-O 6.Be2 e5 7.O-O Nc6 8.d5 Ne7 9.Ne1
Ne8 10.Nd3 b6 11.Bd2 f5 12.b4 Nf6 13.f3 a5 14.a3 axb4 15.axb4 Ba6 16.c5 bxc5
17.bxc5 Bxd3 18.Bxd3 Rxa1 19.Qxa1 dxc5 20.Bc4 Kh8 21.Be3 c6 22.Bxc5 cxd5 23.
Bxd5 fxe4 24.Bxe4 Nxe4 25.Nxe4 Rf4 26.Rd1 Qe8 27.Bxe7 Qxe7 28.Qa8+ Rf8 29.Qd5
Bh6 30.Qd6 Be3+ 31.Kh1 Qxd6 32.Rxd6 Ra8 33.g3 Ra1+ 34.Kg2 Rg1+ 35.Kh3 Rf1 36.
Kg2 Rg1+ 1/2-1/2

[Event "Cto de Aragon  Equipos Cat Preferente"]
[Site "Aragon"]
[Date "2010.01.30"]
[Round "2.1"]
[White "Garza Marco Sergio"]
[Black "Lamas Mercadal Manuel"]
[Result "1-0"]
[WhiteElo "2418"]
[BlackElo "2211"]

1.d4 Nf6 2.c4 e5 3.dxe5 Ng4 4.Bf4 g5 5.Bd2 Nxe5 6.Bc3 Nbc6 7.e3 g4 8.Ne2 d6 9.
Nf4 Bf5 10.Be2 Qd7 11.Nd2 O-O-O 12.b4 Bg7 13.Rc1 h5 14.b5 Ne7 15.Qa4 Kb8 16.
Nb3 h4 17.c5 g3 18.c6 Qc8 19.cxb7 Qxb7 20.Bd4 h3 21.fxg3 hxg2 22.Rg1 Rxh2 23.
Na5 Qe4 24.Bxa7+ Kc8 25.Rxc7+ Kxc7 26.b6+ 1-0